[Event "TCh-HUN 2017-18"]
[Site "Hungary HUN"]
[Date "2017.12.03"]
[Round "3.9"]
[White "Aczel, Gergely"]
[Black "Czupor, Attila"]
[Result "1/2-1/2"]
[WhiteTitle "IM"]
[WhiteElo "2573"]
[BlackElo "2232"]
[WhiteTeam "Aquaprofit-NTSK I"]
[BlackTeam "HVSE-Infraplan"]
[WhiteFideId "727709"]
[BlackFideId "752495"]
[EventDate "2017.11.25"]
[EventType "team-tourn"]

1. d4 d5 2. c4 c6 3. cxd5 cxd5 4. Bf4 Nf6 5. Nc3 Nc6 6. e3 a6 7. Bd3 Bg4 8. Nge2
e6 9. Rc1 Be7 10. O-O O-O 11. Na4 Nd7 12. f3 Bh5 13. Qb3 Ra7 14. Bg3 Bg6 15. Nf4
Bxd3 16. Nxd3 Na5 17. Qc2 Nc4 18. Qf2 Bd6 19. b3 Bxg3 20. hxg3 Nd6 21. g4 Ra8
22. Qg3 Nf6 23. Qe1 Nb5 24. Qb4 Nd7 25. Nab2 Qb6 26. a4 Nd6 27. Qxb6 Nxb6 28. a5
Nd7 29. Rc7 Nf6 30. g5 Nfe8 31. Rd7 f6 32. Re7 Rc8 33. Nc5 Rc7 34. gxf6 Rxe7 35.
fxe7 Rf7 36. Kf2 Rxe7 37. Nbd3 Nf7 38. Rc1 Nd8 39. Ne5 Rc7 40. g4 h6 41. Ke1 Kf8
42. Kd2 Ke7 43. Rg1 Nf7 44. Nxf7 Kxf7 45. g5 hxg5 46. Rxg5 Kf6 47. Rh5 Nd6 48.
Rh8 e5 49. dxe5+ Kxe5 50. Nd3+ Kf6 51. Nf4 Rc5 52. b4 Rb5 53. Kc3 d4+ 54. exd4
Rf5 55. Rf8+ Nf7 56. Nd3 Rxf3 57. Rb8 Nd6 58. Rf8+ Nf7 59. Rb8 Nd6 60. d5 Rg3
61. Kc2 Rg5 62. Nc5 Rxd5 63. Rd8 Ke5 64. Rg8 Kd4 65. Rxg7 Kc4 66. Rd7 Nb5 67.
Rxd5 Kxd5 68. Kd3 Nd6 69. Kc3 Nb5+ 70. Kb3 Nd6 71. Nd7 Kd4 72. Nf8 Kd5 73. Ng6
Kd4 74. Ne7 Kd3 75. Nd5 Nb5 76. Nf4+ Kd4 77. Ne6+ Kd5 78. Nc5 Nd6 1/2-1/2

[Event "TCh-HUN 2017-18"]
[Site "Hungary HUN"]
[Date "2017.12.03"]
[Round "3.10"]
[White "Egri, Laszlo Jr."]
[Black "Galyas, Miklos"]
[Result "1/2-1/2"]
[BlackTitle "IM"]
[WhiteElo "2238"]
[BlackElo "2480"]
[WhiteTeam "HVSE-Infraplan"]
[BlackTeam "Aquaprofit-NTSK I"]
[WhiteFideId "703397"]
[BlackFideId "707244"]
[EventDate "2017.11.25"]
[EventType "team-tourn"]

1. d4 d6 2. c4 f5 3. Nf3 Nf6 4. g3 g6 5. Bg2 Bg7 6. O-O O-O 7. b3 e5 8. dxe5
dxe5 9. Ba3 Qxd1 10. Rxd1 Re8 11. Nc3 e4 12. Nd4 c6 13. Rac1 Nbd7 14. Na4 Nb6
15. Nb2 Ng4 16. h3 Ne5 17. f4 exf3 18. exf3 f4 19. gxf4 Nf7 20. f5 gxf5 21. f4
Bd7 22. Kf2 Rad8 23. Ne2 Bc8 1/2-1/2

[Event "TCh-HUN 2017-18"]
[Site "Hungary HUN"]
[Date "2017.12.03"]
[Round "3.11"]
[White "Gara, Ticia"]
[Black "Magyar, Andras1"]
[Result "1/2-1/2"]
[WhiteTitle "WGM"]
[WhiteElo "2317"]
[BlackElo "2264"]
[WhiteTeam "Aquaprofit-NTSK I"]
[BlackTeam "HVSE-Infraplan"]
[WhiteFideId "717444"]
[BlackFideId "723118"]
[EventDate "2017.11.25"]
[EventType "team-tourn"]

1. Nf3 Nf6 2. g3 g6 3. Bg2 Bg7 4. O-O O-O 5. c4 d6 6. d4 Nc6 7. Nc3 a6 8. Bf4
Rb8 9. Rc1 Bd7 10. b3 Nh5 11. Be3 f5 12. Qd2 e6 13. d5 Ne7 14. dxe6 Bxe6 15. Ng5
Bd7 16. Ba7 Ra8 17. Bd4 h6 18. Bxg7 Kxg7 19. Nf3 Nf6 20. Nd4 Nc6 21. Rfd1 Qe8
22. Nd5 Rc8 23. Qb2 Qe5 24. e3 Rf7 25. Re1 Nxd5 26. Bxd5 Re7 27. Qd2 Rce8 28.
Ne2 b6 29. Bg2 Nd8 30. Nf4 Bc6 31. Nd5 Bxd5 32. cxd5 a5 33. a3 Kh7 34. Rc2 Rg8
35. Rec1 Rgg7 36. Rc4 Rgf7 37. Qc2 Qg7 38. b4 Nb7 39. h4 Kg8 40. e4 f4 41. gxf4
Qf6 42. Qd2 b5 43. R4c3 axb4 44. axb4 Qxh4 45. Rh3 Qxf4 46. Qxf4 Rxf4 47. Rxh6
Kg7 48. Rh3 Nd8 49. Rhc3 Nf7 50. Rxc7 Rxc7 51. Rxc7 Kf6 52. f3 Ke5 53. Kf2 Kd4
54. Kg3 g5 55. Rc6 Rf6 56. Rb6 Kc4 57. Bf1+ Kxb4 58. Rxb5+ Kc3 59. Bh3 Ne5 60.
Bf5 Kd4 61. Rb7 Ke3 62. Re7 Nxf3 63. Re6 Rf8 64. Rxd6 Ne5 65. Re6 Kd4 66. Re7
Rb8 67. d6 Rb3+ 68. Kf2 Rb2+ 69. Kg3 Rb3+ 70. Kg2 Rb2+ 1/2-1/2

[Event "TCh-HUN 2017-18"]
[Site "Hungary HUN"]
[Date "2017.12.03"]
[Round "3.12"]
[White "Borhy, Marcell"]
[Black "Markoja, Boris"]
[Result "0-1"]
[BlackTitle "IM"]
[WhiteElo "2131"]
[BlackElo "2428"]
[WhiteTeam "HVSE-Infraplan"]
[BlackTeam "Aquaprofit-NTSK I"]
[WhiteFideId "770787"]
[BlackFideId "14608502"]
[EventDate "2017.11.25"]
[EventType "team-tourn"]

1. d4 Nf6 2. c4 c5 3. d5 e6 4. Nc3 exd5 5. cxd5 d6 6. Nf3 g6 7. g3 Bg7 8. Bg2
O-O 9. O-O Re8 10. Re1 a6 11. a4 Ne4 12. Bd2 Nxd2 13. Nxd2 Nd7 14. Qb3 Rb8 15.
Nc4 Ne5 16. Nb6 f5 17. a5 Rf8 18. e3 g5 19. Ne2 h6 20. Rad1 Bd7 21. f4 Ng4 22.
Bf3 Nf6 23. Nc3 Be8 24. Qc2 Bg6 25. Qb1 Qc7 26. Rc1 Rbe8 27. b4 gxf4 28. gxf4
cxb4 29. Qxb4 Qe7 30. Rc2 Ng4 31. Rce2 Qh4 32. Nd1 Ne5 33. Bg2 Nd3 34. Qd2 Nxe1
35. Rxe1 Bd4 36. Rf1 Bxb6 37. axb6 Rc8 38. Rf3 Qf6 39. Rg3 Kh7 40. h3 Bh5 41.
Kh2 Rg8 42. Rxg8 Rxg8 43. Nc3 Qg7 44. Qc2 Bf3 45. Qxf5+ Kh8 0-1

[Event "TCh-HUN 2017-18"]
[Site "Hungary HUN"]
[Date "2017.12.03"]
[Round "3.1"]
[White "Vidit, Santosh Gujrathi"]
[Black "Sadzikowski, Daniel"]
[Result "1-0"]
[WhiteTitle "GM"]
[BlackTitle "GM"]
[WhiteElo "2721"]
[BlackElo "2587"]
[WhiteTeam "DVTK"]
[BlackTeam "Dunaharaszti MTK"]
[WhiteFideId "5029465"]
[BlackFideId "1132253"]
[EventDate "2017.11.25"]
[EventType "team-tourn"]

1. e4 e5 2. Nf3 Nc6 3. Bb5 a6 4. Ba4 Nf6 5. O-O Be7 6. Re1 b5 7. Bb3 d6 8. c3
O-O 9. h3 Re8 10. d4 Bb7 11. Nbd2 Bf8 12. a3 h6 13. Bc2 Nb8 14. b4 Nbd7 15. Bb2
g6 16. Rc1 c6 17. Nb3 Rc8 18. Bb1 Qb6 19. c4 exd4 20. c5 dxc5 21. bxc5 Qc7 22.
Bxd4 Bg7 23. e5 Nd5 24. e6 Nf8 25. Bxg7 Kxg7 26. exf7 Rxe1+ 27. Qxe1 Qxf7 28.
Nbd2 Re8 29. Qf1 Nf6 30. Re1 Bc8 31. Nd4 Qd5 32. Rxe8 Nxe8 33. Qe1 Ne6 34. Nxe6+
Qxe6 35. Be4 Nf6 36. Qa1 Bd7 37. Bc2 Kh7 38. Nf3 Be8 39. Qd4 a5 40. Ne5 Qd5 41.
Qe3 Kg7 42. f3 Nd7 43. Nxd7 Bxd7 44. Bb3 Qf5 45. Qe7+ Kh8 46. Bf7 h5 47. h4 1-0

[Event "TCh-HUN 2017-18"]
[Site "Hungary HUN"]
[Date "2017.12.03"]
[Round "3.2"]
[White "Grigoriants, Sergey"]
[Black "Kuzubov, Yuriy"]
[Result "1-0"]
[WhiteTitle "GM"]
[BlackTitle "GM"]
[WhiteElo "2558"]
[BlackElo "2690"]
[WhiteTeam "Dunaharaszti MTK"]
[BlackTeam "DVTK"]
[WhiteFideId "4130804"]
[BlackFideId "14112906"]
[EventDate "2017.11.25"]
[EventType "team-tourn"]

1. e4 c5 2. Nf3 Nc6 3. d4 cxd4 4. Nxd4 Nf6 5. Nc3 e5 6. Ndb5 d6 7. Bg5 a6 8. Na3
b5 9. Nd5 Be7 10. Bxf6 Bxf6 11. c4 b4 12. Nc2 O-O 13. g3 a5 14. Bg2 Bg5 15. O-O
Ne7 16. h4 Nxd5 17. Qxd5 Be6 18. Qd3 Bh6 19. b3 Qb6 20. Rad1 Ra6 21. Kh2 Bg4 22.
Rde1 Bc8 23. Ne3 Bxe3 24. Rxe3 a4 25. Rd1 axb3 26. axb3 Bb7 27. Qe2 Qc5 28. Red3
Rd8 29. Qd2 h6 30. Qe2 Kf8 31. Qd2 Ke7 32. Qe2 Rda8 33. R1d2 Kf8 34. Qf3 Kg8 35.
Qe2 Rb6 36. Qd1 Raa6 37. Qg4 Bc8 38. Qd1 Bb7 39. Qg4 Qc7 40. Qd1 Rc6 41. Rd5 Ba8
42. h5 Qe7 43. Qg4 Rcb6 44. R5d3 Qe6 45. Qxe6 fxe6 46. c5 Rc6 47. cxd6 Rc8 48.
Bh3 Kf7 49. Rf3+ 1-0

[Event "TCh-HUN 2017-18"]
[Site "Hungary HUN"]
[Date "2017.12.03"]
[Round "3.3"]
[White "Hera, Imre Jr."]
[Black "Gonda, Laszlo"]
[Result "1/2-1/2"]
[WhiteTitle "GM"]
[BlackTitle "GM"]
[WhiteElo "2616"]
[BlackElo "2499"]
[WhiteTeam "DVTK"]
[BlackTeam "Dunaharaszti MTK"]
[WhiteFideId "716855"]
[BlackFideId "720852"]
[EventDate "2017.11.25"]
[EventType "team-tourn"]

1. Nf3 Nf6 2. g3 b6 3. Bg2 Bb7 4. O-O e6 5. d3 Be7 6. e4 d5 7. Nfd2 a5 8. Nc3
Na6 9. e5 Nd7 10. f4 O-O 11. Nf3 c5 12. g4 Nc7 13. Bd2 f6 14. exf6 Bxf6 15. Qe2
b5 16. Rae1 Ra6 17. Nd1 b4 18. g5 Be7 19. Nf2 Bd6 20. Ne5 Bxe5 21. fxe5 Nb5 22.
c3 Ra8 23. Nh3 Rxf1+ 24. Rxf1 Qc7 25. Nf4 Nf8 26. Qg4 Qe7 27. Bh3 Nc7 28. g6
hxg6 29. Bg2 Ba6 30. Rf3 bxc3 31. bxc3 Rb8 32. Nxg6 Nxg6 33. Qxg6 Rb1+ 34. Bf1
Qe8 35. Qg4 d4 36. c4 Bb7 37. Bh6 Qd7 38. Rg3 Ne8 39. Qg6 Qf7 40. Qxf7+ Kxf7 41.
Bd2 a4 42. Rg4 g5 43. Bxg5 Ng7 44. h4 Nf5 45. Kf2 Bf3 46. Rf4 Bh5 47. Bh3 Rb2+
48. Kg1 Rxa2 49. Bxf5 exf5 50. Rxf5+ Ke6 51. Rf6+ Kxe5 52. Rc6 a3 53. Rxc5+ Ke6
54. Rc6+ Kd7 55. Ra6 Be2 56. Bf6 Bxd3 57. Bxd4 Bxc4 58. Ra7+ Ke6 59. h5 Rd2 60.
Bc3 Rd3 61. Rxa3 Rh3 62. Kf2 Rxh5 1/2-1/2

[Event "TCh-HUN 2017-18"]
[Site "Hungary HUN"]
[Date "2017.12.03"]
[Round "3.4"]
[White "Flumbort, Andras"]
[Black "Bartel, Mateusz"]
[Result "0-1"]
[WhiteTitle "GM"]
[BlackTitle "GM"]
[WhiteElo "2435"]
[BlackElo "2613"]
[WhiteTeam "Dunaharaszti MTK"]
[BlackTeam "DVTK"]
[WhiteFideId "717274"]
[BlackFideId "1112635"]
[EventDate "2017.11.25"]
[EventType "team-tourn"]

1. Nf3 c5 2. c4 Nc6 3. d4 cxd4 4. Nxd4 e5 5. Nb5 d6 6. N1c3 a6 7. Na3 Be7 8. g3
f5 9. Bg2 Nf6 10. O-O O-O 11. Nc2 Be6 12. b3 Rc8 13. Nd5 Bxd5 14. Bxd5+ Nxd5 15.
Qxd5+ Kh8 16. Bb2 Qe8 17. Rad1 f4 18. Qe4 Nd8 19. Ne1 b5 20. cxb5 Qxb5 21. Rd5
Qb6 22. Nf3 Ne6 23. Ba3 Rc7 24. Qd3 Qb7 25. Rd1 Nd4 26. Rxd4 exd4 27. Nxd4 Qd5
28. Bb2 Bf6 29. Qxa6 Rc2 30. Ba1 Be5 31. Qd3 Rxa2 32. Bc3 Qf7 33. Rf1 Re8 34.
Nb5 Qf6 35. Bxe5 dxe5 36. Nd6 Rf8 37. b4 Raa8 38. Ne4 Qg6 39. Rd1 h6 40. b5 Qb6
41. Rb1 Rad8 42. Qc3 Rd5 43. Qc4 Rfd8 44. Kg2 Rd4 45. Qc2 Qb7 46. f3 Rc8 47. Qb3
Rxe4 48. fxe4 Qxe4+ 49. Kf2 fxg3+ 50. hxg3 Rf8+ 51. Ke1 Qh1+ 52. Kd2 Rd8+ 53.
Kc3 Qe4 54. Rd1 Qe3+ 55. Rd3 Rc8+ 0-1

[Event "TCh-HUN 2017-18"]
[Site "Hungary HUN"]
[Date "2017.12.03"]
[Round "3.5"]
[White "Antal, Gergely"]
[Black "Farago, Ivan"]
[Result "1/2-1/2"]
[WhiteTitle "GM"]
[BlackTitle "GM"]
[WhiteElo "2525"]
[BlackElo "2385"]
[WhiteTeam "DVTK"]
[BlackTeam "Dunaharaszti MTK"]
[WhiteFideId "717312"]
[BlackFideId "700134"]
[EventDate "2017.11.25"]
[EventType "team-tourn"]

1. c4 Nf6 2. Nc3 e5 3. g3 Bb4 4. Bg2 O-O 5. Nf3 Re8 6. O-O e4 7. Nd4 Nc6 8. Nc2
Bxc3 9. dxc3 h6 10. b3 b6 11. Ne3 Bb7 12. Nd5 Ne5 13. f4 exf3 14. exf3 Rb8 15.
a4 c5 16. Bf4 Nxd5 17. cxd5 Qf6 18. c4 d6 19. Ra2 Re7 20. Bc1 Qg6 21. Re2 Rbe8
22. Rfe1 Kf8 23. Re3 Nd3 24. Rxe7 Rxe7 25. Rxe7 Kxe7 26. Bd2 a5 27. Qe2+ Kd8 28.
Bf1 1/2-1/2

[Event "TCh-HUN 2017-18"]
[Site "Hungary HUN"]
[Date "2017.12.03"]
[Round "3.6"]
[White "Popovics, Adam"]
[Black "Korpa, Bence"]
[Result "0-1"]
[WhiteTitle "IM"]
[BlackTitle "GM"]
[WhiteElo "2378"]
[BlackElo "2483"]
[WhiteTeam "Dunaharaszti MTK"]
[BlackTeam "DVTK"]
[WhiteFideId "721506"]
[BlackFideId "706671"]
[EventDate "2017.11.25"]
[EventType "team-tourn"]

1. Nf3 c5 2. e4 e6 3. d4 cxd4 4. Nxd4 Nc6 5. Nc3 Qc7 6. Be2 Nf6 7. O-O Be7 8.
Kh1 O-O 9. f4 d6 10. Nxc6 bxc6 11. Bf3 Ba6 12. Be2 Bxe2 13. Qxe2 d5 14. Bd2 dxe4
15. Nxe4 Nxe4 16. Qxe4 Bf6 17. c3 Rab8 18. Rab1 Rfd8 19. Be3 Rd5 20. Qc2 Rbd8
21. Rbd1 Qa5 22. Rxd5 cxd5 23. Qb3 g6 24. Kg1 Qa6 25. Rd1 Rc8 26. Bd4 Bg7 27.
Bxg7 Kxg7 28. Rd4 Rc4 29. Rxc4 dxc4 30. Qb8 Qxa2 31. Qe5+ f6 32. Qc7+ Kh6 33.
Qb8 Qb1+ 34. Kf2 Qc2+ 35. Kf1 Qd3+ 36. Kf2 Qd2+ 37. Kf1 Kh5 38. h3 Kh4 0-1

[Event "TCh-HUN 2017-18"]
[Site "Hungary HUN"]
[Date "2017.12.03"]
[Round "3.7"]
[White "Kozak, Adam"]
[Black "Tompa, Janos"]
[Result "1/2-1/2"]
[WhiteTitle "IM"]
[BlackTitle "IM"]
[WhiteElo "2422"]
[BlackElo "2371"]
[WhiteTeam "DVTK"]
[BlackTeam "Dunaharaszti MTK"]
[WhiteFideId "753246"]
[BlackFideId "700193"]
[EventDate "2017.11.25"]
[EventType "team-tourn"]

1. d4 Nf6 2. c4 e6 3. Nf3 b6 4. g3 Bb7 5. Bg2 Be7 6. O-O O-O 7. Nc3 d5 8. Ne5
Na6 9. Bf4 c5 10. cxd5 exd5 11. dxc5 Nxc5 12. Nf3 Nce4 13. Be5 Ng4 14. Bd4 f5
15. Qb3 Kh8 16. Rad1 Rc8 17. Ne5 Nxe5 18. Bxe5 Rc4 19. e3 Rb4 20. Qc2 Qc8 21.
Qb1 Qe6 22. Bd4 Bf6 23. a3 Bxd4 24. axb4 Bxc3 25. Bxe4 Bxb4 26. Bf3 Ba6 27. Bxd5
Qf6 28. Bf3 Bxf1 29. Kxf1 Bd6 30. Rd5 g6 31. Qd3 Rd8 32. Qa6 Qe7 33. b3 Rd7 34.
Qd3 Qf6 35. h4 Kg7 36. Kg2 Rd8 37. Qa6 Qe7 38. Qa1+ Kh6 39. Qc1 Ba3 40. Qa1 Rxd5
41. Bxd5 Bd6 42. Qh8 Qf8 43. Qd4 Qe7 44. Bf3 Qe5 45. Qc4 a5 46. Qc6 Qc5 47. Qd7
Qc7 48. Qe8 Qe7 49. Qg8 Qg7 50. Qd8 Qc7 51. Qe8 Qe7 52. Qa8 Qc7 53. Qd5 Qe7 54.
h5 Bc5 55. hxg6 hxg6 56. Qg8 Qf8 57. Qc4 Kg7 58. Qb5 Qe7 59. Bd5 Qe5 60. Qc6 Qd6
61. Qb7+ Qe7 62. Qc8 Qf8 63. Qd7+ Qe7 64. Qc8 Qf8 65. Qe6 Kh6 66. Qe5 Kh7 67.
Qc7+ Qe7 68. Qc8 Qf8 69. Qe6 Kh6 70. g4 fxg4 71. Be4 Qd6 72. Qxg4 Kg7 73. Qc8
Qf6 74. Qa8 Qg5+ 75. Kf1 Qf6 76. Qb7+ Kh6 77. Qd7 Qa1+ 78. Kg2 Qe5 79. Qc6 Qd6
80. Qe8 Qf6 81. Bd3 Qg5+ 82. Kf1 Qf6 83. Bc2 Kg7 84. Ke2 Qf7 85. Qe5+ Qf6 86.
Qe8 Qf7 87. Qe4 Qf6 88. f4 Qf7 89. Kf3 Qf6 90. Qd5 Qf7 91. Qe4 Qf6 92. Ke2 Kf7
93. Qd5+ Kg7 94. Bd3 Qe7 95. Qe4 Qxe4 96. Bxe4 1/2-1/2

[Event "TCh-HUN 2017-18"]
[Site "Hungary HUN"]
[Date "2017.12.03"]
[Round "3.8"]
[White "Papp, Petra"]
[Black "Berczes, David"]
[Result "0-1"]
[WhiteTitle "WGM"]
[BlackTitle "GM"]
[WhiteElo "2335"]
[BlackElo "2493"]
[WhiteTeam "Dunaharaszti MTK"]
[BlackTeam "DVTK"]
[WhiteFideId "739049"]
[BlackFideId "722960"]
[EventDate "2017.11.25"]
[EventType "team-tourn"]

1. e4 e5 2. Nf3 Nc6 3. Bb5 a6 4. Ba4 Nge7 5. c3 d6 6. d4 Bd7 7. d5 Nb8 8. Bxd7+
Nxd7 9. c4 Ng6 10. g3 b5 11. Nc3 bxc4 12. Qa4 Be7 13. Qxc4 O-O 14. Qd3 Nc5 15.
Qc2 Rb8 16. O-O Qd7 17. Kg2 f5 18. exf5 Rxf5 19. Ng1 Bg5 20. Bxg5 Rxg5 21. Kh1
Ne7 22. Rab1 a5 23. b3 Rh5 24. Qe2 Rh6 25. Rbc1 Rb4 26. Rfd1 Nf5 27. Na4 Nxa4
28. bxa4 Rxa4 29. Rb1 Rf6 30. Rb7 Nd4 31. Qh5 h6 32. Rc1 Qf7 33. Qh3 Qxd5+ 34.
Qg2 Qxg2+ 35. Kxg2 Rxa2 36. Rcxc7 Rfxf2+ 37. Kh3 Ne6 38. Re7 Rf6 39. Nf3 Ra3 40.
Nh4 h5 41. Nf5 Nf4+ 42. Kh4 g5+ 43. Kxg5 Rg6+ 44. Kh4 Rg4# 0-1

[Event "TCh-HUN 2017-18"]
[Site "Hungary HUN"]
[Date "2017.12.03"]
[Round "3.9"]
[White "Torma, Robert"]
[Black "Balint, Vilmos"]
[Result "1-0"]
[WhiteTitle "IM"]
[WhiteElo "2484"]
[BlackElo "2251"]
[WhiteTeam "DVTK"]
[BlackTeam "Dunaharaszti MTK"]
[WhiteFideId "719030"]
[BlackFideId "718050"]
[EventDate "2017.11.25"]
[EventType "team-tourn"]

1. d4 Nf6 2. c4 e6 3. Nc3 Bb4 4. Nf3 b6 5. e3 O-O 6. Bd3 d5 7. a3 Bxc3+ 8. bxc3
Ba6 9. cxd5 Bxd3 10. Qxd3 Qxd5 11. c4 Qd7 12. e4 c5 13. e5 Ne8 14. d5 f6 15. O-O
Nc6 16. Bb2 exd5 17. cxd5 Rd8 18. Rad1 fxe5 19. Nxe5 Nxe5 20. Bxe5 Nd6 21. Rfe1
c4 22. Qg3 b5 23. Bc3 Rfe8 24. Bb4 Rxe1+ 25. Rxe1 Nf5 26. Qg5 h6 27. Qd2 Kh7 28.
Re5 Nd6 29. Qe3 Qg4 30. h3 Qd1+ 31. Kh2 Qd3 32. Qxa7 c3 33. Re3 Qxd5 34. Bxc3
Nf5 35. Re5 Qd6 36. Qc5 Rc8 37. Qxc8 1-0

[Event "TCh-HUN 2017-18"]
[Site "Hungary HUN"]
[Date "2017.12.03"]
[Round "3.10"]
[White "Berczes, Csaba"]
[Black "Hando, Vilmos"]
[Result "0-1"]
[WhiteTitle "IM"]
[BlackTitle "FM"]
[WhiteElo "2350"]
[BlackElo "2400"]
[WhiteTeam "Dunaharaszti MTK"]
[BlackTeam "DVTK"]
[WhiteFideId "721522"]
[BlackFideId "731676"]
[EventDate "2017.11.25"]
[EventType "team-tourn"]

1. Nf3 Nf6 2. g3 g6 3. b3 Bg7 4. Bb2 b6 5. Bg2 Bb7 6. c4 O-O 7. d4 d6 8. Nc3 Ne4
9. O-O Nd7 10. Qc2 Nxc3 11. Bxc3 e5 12. dxe5 dxe5 13. Rfd1 Qc8 14. Rd2 Re8 15.
Qb2 f6 16. Ne1 Nc5 17. Bxb7 Qxb7 18. Rad1 Bh6 19. e3 a5 20. Qc2 Qc6 21. Rd5 Bf8
22. Bb2 Ne6 23. h4 a4 24. h5 axb3 25. axb3 gxh5 26. Ng2 Ng5 27. Qf5 Ra2 28. Bxe5
Rxe5 29. Rxe5 Nf3+ 30. Kf1 Nxe5 31. Qxh5 Qe4 32. Nf4 Qc2 33. Nh3 Qxb3 34. Rd4
Qb1+ 35. Kg2 Ra1 36. g4 Qh1+ 37. Kg3 Qf3+ 0-1

[Event "TCh-HUN 2017-18"]
[Site "Hungary HUN"]
[Date "2017.12.03"]
[Round "3.11"]
[White "Horvath, Peter"]
[Black "Kokeny, Norbert Adrian"]
[Result "1-0"]
[WhiteTitle "GM"]
[WhiteElo "2422"]
[BlackElo "2200"]
[WhiteTeam "DVTK"]
[BlackTeam "Dunaharaszti MTK"]
[WhiteFideId "700843"]
[BlackFideId "759740"]
[EventDate "2017.11.25"]
[EventType "team-tourn"]

1. d4 Nf6 2. Nf3 e6 3. Bg5 b6 4. e4 Be7 5. Nc3 Bb7 6. Bd3 d6 7. O-O Nbd7 8. Re1
h6 9. Bd2 a6 10. a4 c5 11. e5 dxe5 12. dxe5 Nd5 13. Nxd5 Bxd5 14. Qe2 Qc8 15. c4
Bc6 16. Bc3 a5 17. Nd2 Qc7 18. Be4 Bxe4 19. Qxe4 Rd8 20. Qg4 g6 21. Ne4 Rg8 22.
Rad1 h5 23. Qf3 Nb8 24. Nd6+ Bxd6 25. exd6 Qc6 26. Qf4 g5 27. Qd2 Rg6 28. Qe2 g4
29. Qe5 Kd7 30. Qxh5 Kc8 31. Qh7 Rd7 32. b3 Kb7 33. Rd3 Qc8 34. Red1 Nc6 35. Rg3
Qe8 36. h3 gxh3 37. Rxg6 fxg6 38. Qxh3 Qf7 39. Qg3 Qf5 40. Re1 Rh7 41. Qf3 Rd7
42. Qxf5 exf5 43. Re6 Nd4 44. Bxd4 cxd4 45. Rxg6 Kc6 46. Kf1 d3 47. Ke1 Kc5 48.
Kd2 Kb4 49. Kxd3 Kxb3 50. Kd4 Kxa4 51. c5 Kb5 52. cxb6 Kxb6 53. Kd5 a4 54. Rg3
Ra7 55. Ke6 f4 56. Rc3 f3 57. gxf3 a3 58. d7 Ra8 59. Rxa3 1-0

[Event "TCh-HUN 2017-18"]
[Site "Hungary HUN"]
[Date "2017.12.03"]
[Round "3.12"]
[White "Markos, Adam"]
[Black "Medvegy, Nora"]
[Result "1/2-1/2"]
[BlackTitle "IM"]
[WhiteElo "2188"]
[BlackElo "2357"]
[WhiteTeam "Dunaharaszti MTK"]
[BlackTeam "DVTK"]
[WhiteFideId "752991"]
[BlackFideId "705136"]
[EventDate "2017.11.25"]
[EventType "team-tourn"]

1. e4 c5 2. Nf3 e6 3. d4 cxd4 4. Nxd4 Nc6 5. Nc3 Qc7 6. g3 a6 7. Bg2 d6 8. O-O
Bd7 9. Re1 Be7 10. Be3 Ne5 11. a4 Nf6 12. h3 O-O 13. Qe2 Rfc8 14. g4 Be8 15. g5
Nfd7 16. f4 Nc4 17. f5 Nf8 18. Qf2 Nxe3 19. Qxe3 Rab8 20. Rac1 Qb6 21. Rb1 Rc4
22. Nf3 Qxe3+ 23. Rxe3 d5 24. Ree1 dxe4 25. Rxe4 Rxe4 26. Nxe4 exf5 27. Ng3 g6
28. b3 Ne6 29. Re1 Bc6 30. h4 Rd8 31. Ne2 Be4 32. c3 Bc5+ 33. Kf1 a5 34. Ne5
Bxg2+ 35. Kxg2 Rd5 36. Nc4 Be7 37. Nd4 Nxd4 38. Rxe7 Nxb3 39. Rxb7 Nd2 40. Nb6
Rd3 41. Nd7 Ne4 42. c4 f4 43. Ne5 Rg3+ 44. Kh2 f3 45. Rb2 h6 46. gxh6 f6 47. Nd3
Rg4 48. Kh3 Rg1 49. c5 f5 50. c6 Rh1+ 51. Rh2 Rd1 52. c7 Nd6 53. Ne5 Rc1 54.
Nxf3 Rxc7 55. Rg2 Kh7 56. Ne5 Rc3+ 57. Kh2 Re3 58. Rxg6 Rxe5 59. Rxd6 Re4 60.
Rf6 f4 61. Kh3 Rxa4 62. Ra6 Ra3+ 63. Kg4 f3 64. Kg3 a4 65. Kf2 Ra1 66. Kxf3 a3
67. Kg2 Ra2+ 68. Kg3 Kh8 69. Ra7 Kg8 70. Kh3 Ra1 71. Kh2 Kh8 72. Kg2 Kg8 73. Kh2 1/2-1/2

[Event "TCh-HUN 2017-18"]
[Site "Hungary HUN"]
[Date "2017.12.03"]
[Round "3.1"]
[White "Seres, Lajos"]
[Black "Lupulescu, Constantin"]
[Result "1/2-1/2"]
[WhiteTitle "GM"]
[BlackTitle "GM"]
[WhiteElo "2406"]
[BlackElo "2631"]
[WhiteTeam "Penzugyor SE"]
[BlackTeam "ASE Paks"]
[WhiteFideId "701254"]
[BlackFideId "1207822"]
[EventDate "2017.11.25"]
[EventType "team-tourn"]

1. d4 Nf6 2. Nf3 d5 3. c4 e6 4. Bg5 c6 5. Nbd2 Nbd7 6. e3 h6 7. Bh4 g5 8. Bg3
Nh5 9. Be5 Nhf6 10. Bg3 Nh5 11. Be5 Nxe5 12. Nxe5 Nf6 13. h4 Nd7 14. Nxd7 Bxd7
15. hxg5 Qxg5 16. Qb3 O-O-O 17. O-O-O Kb8 18. Nf3 Qg7 19. Kb1 f6 20. Ka1 Be8 21.
g3 Qe7 22. Rc1 Bf7 23. cxd5 cxd5 24. Be2 Bg7 25. Rc3 Rc8 26. Rhc1 Rxc3 27. Qxc3
Qd7 28. Bb5 Qd6 29. a3 a6 30. Bf1 Qd7 31. Qb4 Rc8 32. Rxc8+ Kxc8 33. Nd2 Qd8 34.
Nb3 Bf8 35. Qc3+ Qc7 36. Nc5 a5 37. Bh3 f5 38. Bf1 b6 39. Na4 Qxc3 40. Nxc3 h5
41. f4 h4 42. gxh4 Be7 43. Kb1 Bxh4 44. Kc2 Kd7 45. Kd2 Bd8 46. Be2 Ke7 47. Kd3
Kf6 48. Kd2 Kg6 49. Kd1 Kh6 50. Kd2 Be8 51. Kd1 Kg6 1/2-1/2

[Event "TCh-HUN 2017-18"]
[Site "Hungary HUN"]
[Date "2017.12.03"]
[Round "3.2"]
[White "Berkes, Ferenc"]
[Black "Bakos, Balazs"]
[Result "1-0"]
[WhiteTitle "GM"]
[BlackTitle "FM"]
[WhiteElo "2653"]
[BlackElo "2423"]
[WhiteTeam "ASE Paks"]
[BlackTeam "Penzugyor SE"]
[WhiteFideId "718572"]
[BlackFideId "725773"]
[EventDate "2017.11.25"]
[EventType "team-tourn"]

1. d4 Nf6 2. Nf3 g6 3. Bg5 Bg7 4. Nbd2 d5 5. e3 O-O 6. Be2 c5 7. c3 Nc6 8. O-O
Re8 9. dxc5 a5 10. a4 e5 11. e4 Be6 12. exd5 Qxd5 13. Nc4 Qxc5 14. Nd6 Reb8 15.
Be3 Qd5 16. Bc4 Qxd1 17. Rfxd1 Bxc4 18. Nxc4 Re8 19. Nfd2 Nd5 20. Bc5 Bf8 21.
Ne4 Bxc5 22. Nxc5 Nf4 23. g3 Ne6 24. Nxb7 Re7 25. Nbd6 Rb8 26. Rd5 Rd7 27. Rad1
Kf8 28. Kg2 h5 29. h4 Rdd8 30. Ne4 Rxd5 31. Rxd5 Rd8 32. Rb5 Ra8 33. Nc5 Ke7 34.
Rb7+ Kf6 35. Nd7+ 1-0